Name all the Eurostar locations - Statistics

General Stats
  • This quiz has been taken 16 times
  • The average score is 7 of 13
Answer Stats
Hint Answer % Correct
England London
100%
France Paris/Paris Disneyland
92%
Belgium Brussels
77%
Netherlands Amsterdam
69%
France Lyon
69%
France Lille
62%
Netherlands Rotterdam
62%
England Ashford
54%
France Calais
54%
England Ebbsfleet
38%
France Avignon
31%
France Bourg Saint Maurice
8%
France Moutiers
8%
No matching quizzes found
Score Distribution
Percent of People with Each Score
Percentile by Number Answered
Your Score History
You have not taken this quiz